| 000 | 01051nam a22002655a 4500 | ||
|---|---|---|---|
| 003 | OSt | ||
| 005 | 20170418152956.0 | ||
| 008 | 170404s2012 ua frb 000 0 ara d | ||
| 015 | _a2003 / 17604 | ||
| 020 | _a9770492712 | ||
| 040 |
_aEG-ScBUE _bara _cEG-ScBUE |
||
| 043 |
_af-ua--- _ae-fr--- _ama----- |
||
| 082 | 0 | 4 |
_a345.04 _bإ ب ر _222 |
| 100 | 1 | _aإبراهيم، مدحت محمد عبد العزيز. | |
| 245 | 1 | 2 |
_aالمسئولية الجنائية للشريك بالمساعدة : _bدراسة مقارنة بين التشريعين المصري والفرنسي / _cمدحت محمد عبد العزيز إبراهيم. |
| 250 | _aط. 2. | ||
| 260 |
_aالقاهرة : _bدار النهضة العربية، _c2012. |
||
| 300 |
_a206 ص. ؛ _c24 سم. |
||
| 504 | _aيشتمل على إرجاعات ببليوجرافية. | ||
| 650 | 7 |
_aالمسئولية الجنائية _zمصر. _2BUEsh |
|
| 650 | 7 |
_aالمسئولية الجنائية _zفرنسا. _2BUEsh |
|
| 651 | _2BUEsh | ||
| 653 |
_bLLAAWW _cApril2017 |
||
| 942 | _2ddc | ||
| 999 |
_c24622 _d24594 |
||